000 00702nam a2200241 a 4500
008
020 _a0273609068 (pbk.)
049 _aMAIN
090 _aHF5691
100 1 _aGough, Leo.
245 1 4 _aThe Financial times guide to business numeracy /
_cLeo Gough.
246 3 0 _aGuide to business numeracy.
260 _aLondon :
_bFinancial Times ,
_c1994.
300 _avi, 218 p. :
_bill. ;
_c24 cm.
500 _aIncludes index.
650 0 _aBusiness mathematics.
730 0 _aFinancial times (London, England).
907 _a.b10059489
_b12-02-04
_c17-04-03
003
005 20230123133601.0
040 _cNUST
942 _cBOOKS
_kHF5691
999 _c151114
_d151114